| 000 | 004140000a22001690004500 | ||
|---|---|---|---|
| 003 | MACL | ||
| 005 | 20151229174407.0 | ||
| 008 | 151229b xxu||||| |||| 00| 0 eng d | ||
| 040 |
_aMACL _cMACL |
||
| 041 | _aEnglish | ||
| 082 | _a181.1/RKE | ||
| 100 |
_aForke, Anton _924469 |
||
| 245 | _aYang Chus Garden of Pleasure | ||
| 260 |
_bJohn Murray _c1912 |
||
| 650 |
_aReligion _924470 |
||
| 942 |
_cBK _k181.1/RKE _2ddc |
||
| 999 |
_c39265 _d39265 |
||